000
00319nam a2200133Ia 4500
008
240624s9999 xx 000 0 und d
041
_a
eng
082
_a
823 WOD
100
_a
WODEHOUSE P G
245
_a
MUCH OBLIGED JEEVES
260
_c
2008
_a
London
_b
Arrow Books
300
_a
203 : p. : cm. ; 19
365
_c
RS
_b
20
999
_c
16224
_d
16224